000 00294nam a2200109Ia 4500
008 171211s9999 xx 000 0 und d
245 _aJohn Clare: Voice of Freedom
245 _cR. S. Attack
260 _c2010
650 _xBiography
856 _uhttp://down.ebook777.com/065/9780856832703.pdf
999 _c349883
_d349883